01042 a2200181 45000010006000000050017000060080041000230030015000640400040000790800046001192450030001652640034001953000019002295050531002481000021007797000031008007000029008313865320260407155648.0260407a1965 arg spa dAR-UNSa-BCEJYS aAR-UNSa-BCEJYSbspacAR-UNSa-BCEJYS a658.8.012.12xInvestigación de mercados10aInnovaciones en marketing 1aNew York :bMcGraw-Hillc1965 a267 p.c22 cm. a1. El consumidor y el hombre de negocios - 2. El cambio y la estrategia en los negocios - 3. Los fallos de los directivos - 4. Los objetivos de una empresa y las tácticas de marketing a corto plazo - 6. Planeamiento imaginativo y de gran alcance para la supervivencia - 7. Planeamiento y preparación para el cambio - 8. El departameto de desarrollo del marketing - 9. Investigación comercial y responsabilidad directivas - 10. Deficiencias en la política del producto y en la publicidad - 11. El marketing centrípeto1 aLevitt, Theodore1 aFernández Arias, Alberto1 aSerra Hamilton, Fernando